• 首页
  • 本馆介绍
  • 公告通知
  • 最新文献
  • 馆藏检索
  • 电子资源
  • 读者导购
  • 参考咨询
  • 我的图书馆
  • 登录
  • 详细信息显示
  • 放入我的书架
  • 预约/预借图书
  • 作者相关作品
  • 分类相关作品
  • 丛书相关作品
  • 出版社相关作品

书目信息

  • 表格格式
  • 工作单格式
  • 卡片格式
题名:
家校共育 与爱同行
    
 
作者: 孙建华 主编
分册:  
出版信息: 长春   吉林文史出版社  2022.04
页数: 207页
开本: 24cm
丛书名:
单 册:
中图分类: G459
科图分类:
主题词: 学校教育--合作--家庭教育--研究
电子资源:
ISBN: 978-7-5472-8460-5
000 01036nam0 2200229 450
001 012001000262
005 20141201114951.0
010    @a978-7-5472-8460-5@dCNY48.00
100    @a20220905d2022 em y0chiy0110 ea
101 0  @achi
102    @aCN@b220000
105    @aa z 000yy
106    @ar
200 1  @a家校共育 与爱同行@Ajia xiao gong yu yu ai tong xing@f孙建华主编
210    @a长春@c吉林文史出版社@d2022.04
215    @a207页@c图@d24cm
330    @a本书是作者在实施“家校携手助力孩子健康成长”课题研究中积累和形成的著作。作者基于家长的需求,设计了适合家长需求的家校共育课程和教案版块,主题分别是习惯养成篇、兴趣培养篇和健康成长篇。课程和教案的设计,能很好地为家长纾困解惑。同时还积累了研究和实施过程中涌现出来的典型案例和金点子,用以警示家长。最可贵的是作者在实施课题研究的同时,把自己对教育教学和家庭教育的所思所想都写成了碎思,一并呈现给大家。
606 0  @a学校教育@x合作@x家庭教育@x研究
690    @aG459@v5
701  0 @a孙建华@Asun jian hua@4主编
801  0 @aCN@bAHXH@c20221111
905    @b1368999-9002@dG459@e537@f4
    
    家校共育 与爱同行/孙建华主编.-长春:吉林文史出版社,2022.04
    207页:图;24cm
    
    
    ISBN 978-7-5472-8460-5:CNY48.00
    本书是作者在实施“家校携手助力孩子健康成长”课题研究中积累和形成的著作。作者基于家长的需求,设计了适合家长需求的家校共育课程和教案版块,主题分别是习惯养成篇、兴趣培养篇和健康成长篇。课程和教案的设计,能很好地为家长纾困解惑。同时还积累了研究和实施过程中涌现出来的典型案例和金点子,用以警示家长。最可贵的是作者在实施课题研究的同时,把自己对教育教学和家庭教育的所思所想都写成了碎思,一并呈现给大家。
●
相关链接 在E读中查询图书 在五车中查询图书 在当当中查询图书 在豆瓣中查询图书


正题名:家校共育 与爱同行     索取号:G459/537         预约/预借

序号 登录号 条形码 馆藏地/架位号 状态 备注
1 1368999   213689999   第一样本阅览室/ [索取号:G459/537] 在馆    
2 1369000   213690004   教育系资料室/ [索取号:G459/537] 在馆    
3 1369001   213690013   教育系资料室/ [索取号:G459/537] 在馆    
4 1369002   213690022   第四借阅区/ [索取号:G459/537] 在馆    
唐山师范学院图书馆 欢迎您!
大连网信软件有限公司© 版权所有